Countries bordering Austria - Sudden Death - Statistics

General Stats
  • This quiz has been taken 33 times
  • The average score is 5 of 8
Answers on the Grid
Answers color-coded by a green-red scale on the quiz's grid according to % correct below.
Switzerland🇨🇭
Slovenia🇸🇮
Italy🇮🇹
Germany🇩🇪
Hungary🇭🇺
Slovakia🇸🇰
Czechia🇨🇿
Liechtenstein🇱🇮
France🇫🇷
Luxembourg🇱🇺
Bosnia🇧🇦
Serbia🇷🇸
Belgium🇧🇪
Croatia🇭🇷
Lithuania🇱🇹
Romania🇷🇴
Poland🇵🇱
Estonia🇪🇪
Belarus🇧🇾
Netherlands🇳🇱
Ukraine🇺🇦
Bulgaria🇧🇬
Latvia🇱🇻
Denmark🇩🇰
 
Answer Stats
Answer % Correct
Germany🇩🇪
86%
Liechtenstein🇱🇮
68%
Czechia🇨🇿
64%
Switzerland🇨🇭
64%
Hungary🇭🇺
61%
Italy🇮🇹
57%
Slovakia🇸🇰
54%
Slovenia🇸🇮
46%
No matching quizzes found
Score Distribution
Percent of People with Each Score
Percentile by Number Answered
Your Score History
You have not taken this quiz